Dejiny filozofického myslenia na Slovensku 1

Salvato in:
Dettagli Bibliografici
Natura: Libro
Lingua:slovacco
Pubblicazione: Bratislava Veda 1987
Soggetti:
Tags: Aggiungi Tag
Nessun Tag, puoi essere il primo ad aggiungerne!!

MARC

LEADER 00000nam a2200000 4500
001 c024404
005 20260105113808.9
041 0 |a slo 
044 |a SK 
245 1 0 |a Dejiny filozofického myslenia na Slovensku 1 
264 1 |a Bratislava  |b Veda  |c 1987 
300 |a 490 s. 
610 2 0 |a filozofia 
610 2 0 |a dejiny filozofie 
610 2 0 |a Slovensko